00615cam a22001931 4500001001300000003000400013005001700017008004100034010001700075035002000092040001800112042001200130050001600142100002100158245013500179260006000314300002600374650002100400sa 65008889 DLC20260227112158.0860605s1954 io a 000 0 ind  asa 65008889  a(OCoLC)23541168 aDLCcMiUdDLC apremarc00aBF721b.S592 aSri Rahayu A. G.10aBerbitjara bahagia, diam bentjana.bDipersembahkan sebagai kenang-kenangan kepada "Ibu Indonesia."cDihimpun oleh Sri Rahayu A. G. a[Djakarta]bBalai Buku Indonesiac[kata pengantar 1954] a36 p.billus.c24 cm. 0aChild psychology